000 00504nam a2200181Ia 4500
008 090124s9999 xx 000 0 und d
082 _b121173
100 _aनाईक गुरुनाथ
245 _a गुलाम राजा
250 _a1
260 _c1985
300 _a203
600 _aनाईक गुरुनाथ
630 _a गुलाम राजा
700 _aनाईक गुरुनाथ
730 _a गुलाम राजा
942 _cBOOK
999 _c167259
_d167259